|
|
|
|
| LEADER |
00000nam a22000007a 4500 |
| 005 |
20220218003142.0 |
| 007 |
cr|||| |||| |
| 008 |
220218s2019 br |||||s|||| 00||0 por d |
| 020 |
|
|
|a 978-85-301-0128-2
|
| 035 |
|
|
|a 36086
|
| 040 |
|
|
|a vLex
|
| 090 |
|
|
|c 13039
|d 13039
|
| 100 |
1 |
|
|a Amaral de Mendonȧ, Luiz Eduardo
|
| 245 |
1 |
0 |
|a Perguntas e Respostas sobre a Lei da Reforma Trabalhista
|h [Recurso electrn̤ico] /
|c Luiz Eduardo Amaral de Mendonȧ, Ricardo Calcini
|
| 256 |
|
|
|a Servicio en ln̕ea
|
| 260 |
|
|
|a San Pablo:
|b LTR,
|c 2019
|
| 300 |
|
|
|a 1 recurso electrn̤ico
|
| 506 |
1 |
|
|a Disponible solo en los productos indicados
|d vLex Global
|d vLex Global (Academic Edition, excluding Law Schools)
|d vLex Global (U.S. Academic Edition, Law Schools)
|d vLex Global (U.S. Academic Edition, excluding Law Schools)
|d vLex Global (Academic Edition, Law Schools)
|
| 650 |
0 |
4 |
|a Derecho Laboral y Seguridad Social
|z Brasil
|
| 700 |
1 |
|
|a Calcini, Ricardo
|
| 740 |
0 |
|
|a vLex Libros (Servicio en ln̕ea)
|
| 856 |
4 |
0 |
|u https://app.vlex.com/#/sources/36086
|z Acceso restringido
|
| 942 |
|
|
|c BOOK
|
| 999 |
0 |
|
|a Labor law and social security
|